|
|
|
|
| LEADER |
00000cam a2200000 i 4500 |
| 001 |
1/10245 |
| 008 |
000831s1962 gre d |
| 035 |
|
|
|l 10063364
|
| 040 |
|
|
|a GR-MY-UA
|b gre
|e aacr
|
| 041 |
0 |
|
|a gre
|
| 082 |
0 |
|
|a 973
|
| 100 |
1 |
|
|a Maurois, André,
|d 1885-1967.
|
| 245 |
1 |
0 |
|a Παράλληλη ιστορία :
|b ιστορία των Ηνωμένων Πολιτειών 1917-1961 /
|c Andre Maurois ; μετάφραση Κώστα Κουλουφάκου.
|
| 246 |
3 |
3 |
|a Ιστορία των Ηνωμένων Πολιτειών 1917-1961
|
| 260 |
|
|
|a Αθήναι :
|b Φυτράκης,
|c 1962.
|
| 300 |
|
|
|a 714 σ. :
|b εικ.
|
| 651 |
|
0 |
|a United States
|x History.
|
| 700 |
1 |
|
|a Κουλουφάκος, Κώστας,
|e trl
|
| 852 |
|
|
|a INST
|b LESVOS
|e 20000831
|h 973 MAU
|p 005100023869
|q 005100023869
|t BK
|y 0
|
| 901 |
|
|
|a BIBL1-2000-2
|
| 909 |
|
|
|a Λ
|b 076546
|
| 970 |
|
|
|z 2000/08/LITSA
|